| 000 | 00720cam a2200229ua 4500 | ||
|---|---|---|---|
| 005 | 20210130140126.0 | ||
| 008 | 191105n ii |||gr||||Z||||||eng | ||
| 020 | _a9780198077442 | ||
| 040 |
_cMAIN _aIN-DiNC |
||
| 041 | _deng | ||
| 082 |
_a954 _bGAD |
||
| 100 |
_aGadgil, Madhav _eauthor |
||
| 245 |
_aThis fissured land : _ban ecological history of India / _cBy Madhav Gadgil and Ramchandra Guha |
||
| 250 | _a4th imp. | ||
| 260 |
_aNew Delhi: _bOxford University Press, _c2018. |
||
| 300 | _a241p. | ||
| 650 | _aCultural ecology of India | ||
| 650 | _aEcological change and social conflict in India | ||
| 653 | _aFactors affecting social behavior | ||
| 700 |
_aGuha, Ramachandra _eauthor |
||
| 942 |
_cBK _2ddc |
||
| 999 |
_c10511 _d10511 |
||